LDR 00751naa#a2200193#i#450# 001 EN\\bibl\120538 005 20260503190149.7 011 ## _a2500-1825 100 ## _a20260331b2026####ek#y0engy0150####ca 102 ## _aRU 200 1# _aANALYSIS OF TRENDS IN THE DEVELOPMENT OF TOURISM ORGANIZATIONS IN THE KRASNOYARSK REGION UNDER CONDITIONS OF DIGITALIZATION _eJournal article 210 1# _aKrasnoyarsk _cKrasnoyarsk State Agrarian University _d2026 215 ## _a12 с. 608 ## _aJournal article _2local 675 ## _aЭкономика. Народное хозяйство. Экономические науки. 33 _z 700 #1 _aKolesov _gEduard Vladimirovich 700 #1 _aVoloshin _gAndrey Vladimirovich 700 #1 _aSuslova _gYuliya Yur'evna 856 4# _asej.kgau.ru _u